Egyesületi közlemények. Kiss András főtitkár jelentése az Erdélyi Múzeum-Egyesület 1992 évi munkájáról

Elmentve itt :
Bibliográfiai részletek
Szerző: KISS András
Adatforrás:Meister
Forrásdokumentuma:Erdélyi Múzeum. -
1-2 sz., 1993, 121-124 p.
Nyelv:magyar
Kulcsszavak:intézménytörténet
EME-közgyűlés
LEADER 00456nab a2200133 i 4500
001 bibPRO00008143
008 060524s1993 xx hun
040 |a Sz1 
041 |a hun 
100 1 |a KISS András 
245 1 0 |a Egyesületi közlemények. Kiss András főtitkár jelentése az Erdélyi Múzeum-Egyesület 1992 évi munkájáról  |c KISS András 
695 |a intézménytörténet 
695 |a EME-közgyűlés 
773 0 |t Erdélyi Múzeum. -  |g 1-2 sz., 1993, 121-124 p.